Statystyki dla Odgadnij państwo po stolicy

Kliknij tutaj aby rozwiązać quiz!

Ogólne statystyki

  • Ten quiz został rozwiązany 21 razy
  • Średni wynik to 7 z 10

Statystyki odpowiedzi

StolicaPaństwo% Poprawnych
ParyżFrancja
100%
LondynWielka Brytania
100%
AlgierAlgieria
95%
Buenos AiresArgentyna
95%
NairobiKenia
75%
LimaPeru
75%
HawanaKuba
70%
Kuala LumpurMalezja
55%
WientianLaos
45%
AbudżaNigeria
35%

Rozkład punktacji

Percentyl według liczby udzielonych odpowiedzi

Procent ludzi z każdym wynikiem

Twoja historia wyników

Nie rozwiązałeś tego quizu